Закономерности нагрева, наноструктурной модификации и упрочнения поверхностного слоя металлокерамического сплава при импульсном электронно-пучковом облучении; Известия Томского политехнического университета [Известия ТПУ]; Т. 313, № 3: Химия. Физика

Bibliographic Details
Parent link:Известия Томского политехнического университета [Известия ТПУ]/ Томский политехнический университет (ТПУ).— , 2000-
Т. 313, № 3: Химия. Физика.— 2008.— [С. 88-92]
Main Author: Овчаренко В. Е. Владимир Ефимович
Other Authors: Иванов Ю. Ф. Юрий Федорович
Summary:Заглавие с титульного листа
Электронная версия печатной публикации
Представлены результаты исследования влияния импульсного электронно-пучкового облучения поверхности металлокерамического сплава на основе карбида титана с никельхромовой связкой на температурный профиль зоны прогрева сплава с поверхности его облучения, на микроструктуру поверхностного слоя и стойкость металлокерамического сплава в режиме резания металла. Показано, что электронно-пучковое облучение металлокерамического сплава формирует в поверхностном слое структурно-неравновесные состояния компонентов металлокерамической композиции. Переход металлического связующего в наноструктурное состояние, наряду с другими факторами модификации микроструктуры металлокерамического сплава, определяет кратное повышение стойкости металлокерамического сплава в режиме резания металла.
Language:Russian
Published: 2008
Series:Физика
Subjects:
Online Access:http://www.lib.tpu.ru/fulltext/v/Bulletin_TPU/2008/v313/i3/19.pdf
Format: Electronic Book Chapter
KOHA link:https://koha.lib.tpu.ru/cgi-bin/koha/opac-detail.pl?biblionumber=173563

MARC

LEADER 00000nla2a2200000 4500
001 173563
005 20231031164510.0
035 |a (RuTPU)RU\TPU\book\188244 
035 |a RU\TPU\book\188238 
090 |a 173563 
100 |a 20091228d2008 k y0rusy50 ca 
101 0 |a rus 
102 |a RU 
135 |a drnn ---uucaa 
181 0 |a i  
182 0 |a b 
200 1 |a Закономерности нагрева, наноструктурной модификации и упрочнения поверхностного слоя металлокерамического сплава при импульсном электронно-пучковом облучении  |b Электронный ресурс  |f В. Е. Овчаренко, Ю. Ф. Иванов 
203 |a Текст  |c электронный 
215 |a 1 файл (5.8 Мб) 
225 1 |a Физика 
230 |a Электронные текстовые данные (1 файл : 5.8 Мб) 
300 |a Заглавие с титульного листа 
300 |a Электронная версия печатной публикации 
320 |a [Библиогр.: с. 92 (8 назв.)] 
330 |a Представлены результаты исследования влияния импульсного электронно-пучкового облучения поверхности металлокерамического сплава на основе карбида титана с никельхромовой связкой на температурный профиль зоны прогрева сплава с поверхности его облучения, на микроструктуру поверхностного слоя и стойкость металлокерамического сплава в режиме резания металла. Показано, что электронно-пучковое облучение металлокерамического сплава формирует в поверхностном слое структурно-неравновесные состояния компонентов металлокерамической композиции. Переход металлического связующего в наноструктурное состояние, наряду с другими факторами модификации микроструктуры металлокерамического сплава, определяет кратное повышение стойкости металлокерамического сплава в режиме резания металла. 
337 |a Adobe Reader 
461 1 |0 (RuTPU)RU\TPU\book\176237  |t Известия Томского политехнического университета [Известия ТПУ]  |f Томский политехнический университет (ТПУ)  |d 2000- 
463 1 |0 (RuTPU)RU\TPU\book\188221  |x 1684-8519  |t Т. 313, № 3: Химия. Физика  |v [С. 88-92]  |d 2008  |p 133 с. 
610 1 |a нагрев 
610 1 |a наноструктурные модификации 
610 1 |a поверхностные слои 
610 1 |a металлокерамические сплавы 
610 1 |a электронно-пучковое облучение 
610 1 |a импульсное облучение 
610 1 |a исследования 
610 1 |a карбид титана 
610 1 |a прогрев 
610 1 |a микроструктуры 
610 1 |a резание 
610 1 |a металлы 
610 1 |a структурно-неравновесные состояния 
610 1 |a компоненты 
610 1 |a металлокерамические композиции 
610 1 |a стойкость 
610 1 |a физика 
610 1 |a межфазное взаимодействие 
610 1 |a композиционные материалы 
610 1 |a наноструктуры 
610 1 |a дефектные субструктуры 
610 1 |a фазовые превращения 
610 1 |a труды учёных ТПУ 
610 1 |a конденсированное состояние 
610 1 |a электронный ресурс 
700 1 |a Овчаренко  |b В. Е.  |c российский ученый, специалист в области материаловедения  |c профессор-консультант Юргинского технологического института (филиала) Томского политехнического университета  |c зав. лабораторией композиционных материалов Института физики прочности и материаловедения СО РАН  |f 1945-  |g Владимир Ефимович  |2 stltpush  |3 (RuTPU)RU\TPU\pers\28211 
701 1 |a Иванов  |b Ю. Ф.  |c российский ученый, специалист в области наноматериалов и нанотехнологий  |c профессор Томского политехнического университета, доктор физико-математических наук  |c ведущий научный сотрудник Института сильноточной электроники СО РАН  |f 1955-  |g Юрий Федорович  |2 stltpush  |3 (RuTPU)RU\TPU\pers\28208 
801 1 |a RU  |b 63413507  |c 20090623  |g PSBO 
801 2 |a RU  |b 63413507  |c 20211207  |g PSBO 
856 4 |u http://www.lib.tpu.ru/fulltext/v/Bulletin_TPU/2008/v313/i3/19.pdf 
942 |c CF